[Event "Smith & Williamson FIDE Rated"]
[Site "Witley"]
[Date "2001.07.21"]
[Round "11.12"]
[White "Bareham, David C"]
[Black "Hughes, Andrew"]
[Result "0-1"]
[WhiteElo "1720"]
[BlackElo "2046"]
[PlyCount "88"]
[EventDate "2001.07.16"]
[EventType "swiss"]
[EventRounds "11"]
[EventCountry "ENG"]
[SourceTitle "BritBase"]
[Source "John Saunders"]
[SourceDate "2025.09.16"]
[SourceVersion "1"]
[SourceVersionDate "2025.09.16"]
[SourceQuality "1"]

1. e4 c5 2. Nf3 e6 3. b3 Nf6 4. d3 Nc6 5. Bb2 Be7 6. g3 O-O 7. Bg2 d5 8. exd5 exd5 9. h3 h6 10. O-O Be6 11. Nbd2 Qd7 12. Kh2 Rfe8 13. Ne5 Nxe5 14. Bxe5 Nh7 15. f4 f6 16. Bb2 Bd6 17. Qh5 Bf7 18. Bxd5 Bxf4 19. Bxf7+ Qxf7 20. Qxf7+ Kxf7 21. Ne4 Bc7 22. Rae1 b6 23. Kg2 Re7 24. Kf2 Rae8 25. g4 Nf8 26. Re2 Ng6 27. Bc1 Nf4 28. Bxf4 Bxf4 29. Nc3 Be5 30. Ne4 g6 31. Ke3 Kg7 32. c3 Bxc3 33. Kf3 Bd4 34. Rfe1 Be5 35. Rd1 f5 36. gxf5 gxf5 37. Nd2 Bd4 38. Rg2+ Kf6 39. Nc4 Re6 40. a4 a6 41. h4 b5 42. Na3 Re3+ 43. Kf4 Rh3 44. Nc2 Be5# 0-1

[Event "Smith & Williamson FIDE Rated"]
[Site "Witley"]
[Date "2001.07.21"]
[Round "11.13"]
[White "Mooring, Ross"]
[Black "Purton, Ben"]
[Result "1/2-1/2"]
[WhiteElo "2053"]
[BlackElo "1632"]
[PlyCount "32"]
[EventDate "2001.07.16"]
[EventType "swiss"]
[EventRounds "11"]
[EventCountry "ENG"]
[SourceTitle "BritBase"]
[Source "John Saunders"]
[SourceDate "2025.09.16"]
[SourceVersion "1"]
[SourceVersionDate "2025.09.16"]
[SourceQuality "1"]

1. e4 c5 2. Nc3 e6 3. g3 Nc6 4. Bg2 Nge7 5. Nge2 g6 6. d3 Bg7 7. Be3 Nd4 8. Qd2 h5 9. h4 a6 10. Nd1 d5 11. c3 Nxe2 12. Qxe2 d4 13. Bd2 Nc6 14. c4 e5 15. O-O O-O 16. f4 f5 1/2-1/2

[Event "Smith & Williamson FIDE Rated"]
[Site "Witley"]
[Date "2001.07.21"]
[Round "11.15"]
[White "Coupe, Marcus"]
[Black "Boztas, Kenan"]
[Result "0-1"]
[WhiteElo "1656"]
[BlackElo "2051"]
[PlyCount "72"]
[EventDate "2001.07.16"]
[EventType "swiss"]
[EventRounds "11"]
[EventCountry "ENG"]
[SourceTitle "BritBase"]
[Source "John Saunders"]
[SourceDate "2025.09.16"]
[SourceVersion "1"]
[SourceVersionDate "2025.09.16"]
[SourceQuality "1"]

1. e4 c5 2. Nf3 d6 3. Bc4 Nc6 4. Nc3 g6 5. O-O Bg7 6. d3 e6 7. Qe2 Nge7 8. Bg5 h6 9. Bh4 O-O 10. Nd2 a6 11. a4 Rb8 12. f4 b5 13. axb5 axb5 14. Bb3 Nd4 15. Qd1 Qc7 16. Rb1 Nxb3 17. Nxb3 Re8 18. d4 c4 19. Nc1 b4 20. N3e2 Bb7 21. Ng3 Qb6 22. Nce2 Nc6 23. c3 e5 24. fxe5 dxe5 25. Nh1 exd4 26. Bf2 Rbd8 27. Qc2 Qb5 28. cxd4 Nxd4 29. Nxd4 Bxd4 30. Rbc1 Rxe4 31. Ng3 Bxf2+ 32. Qxf2 Re7 33. Rce1 Rde8 34. Qf6 Qd5 35. Ne4 Rxe4 36. Rxe4 Rxe4 0-1

[Event "Smith & Williamson FIDE Rated"]
[Site "Witley"]
[Date "2001.07.21"]
[Round "11.17"]
[White "Wilson, Alexandra FV"]
[Black "Bennet, William"]
[Result "1/2-1/2"]
[WhiteElo "1648"]
[BlackElo "1800"]
[PlyCount "75"]
[EventDate "2001.07.16"]
[EventType "swiss"]
[EventRounds "11"]
[EventCountry "ENG"]
[SourceTitle "BritBase"]
[Source "John Saunders"]
[SourceDate "2025.09.16"]
[SourceVersion "1"]
[SourceVersionDate "2025.09.16"]
[SourceQuality "1"]

1. e4 c5 2. Nf3 g6 3. c3 d5 4. exd5 Qxd5 5. d4 Bg4 6. Be2 Bg7 7. Be3 cxd4 8. cxd4 Nf6 9. Nc3 Qd8 10. O-O O-O 11. Qb3 Qb6 12. Qxb6 axb6 13. h3 Be6 14. Rfd1 Nd5 15. Nxd5 Bxd5 16. b3 Nc6 17. Ne1 Rfc8 18. Nd3 Nxd4 19. Bg4 f5 20. Nb4 Be6 21. Bxd4 {(=)} fxg4 22. Bxg7 Kxg7 23. Re1 Kf7 24. hxg4 Re8 25. f3 {(=)} Rad8 26. Rad1 Rd7 27. Rxd7 Bxd7 28. Rc1 Rc8 29. Rxc8 Bxc8 30. Kf2 Ke6 31. Ke3 Kd6 32. Ke4 Bd7 33. Nd3 Bc6+ 34. Kd4 e6 35. Ne5 {(=)} b5 36. Nf7+ Ke7 37. Ne5 Kd6 38. Nf7+ 1/2-1/2

[Event "Smith & Williamson FIDE Rated"]
[Site "Witley"]
[Date "2001.07.21"]
[Round "11.18"]
[White "Bridger, Michael J"]
[Black "Chevannes, Sabrina L"]
[Result "1/2-1/2"]
[WhiteElo "2058"]
[BlackElo "1584"]
[PlyCount "43"]
[EventDate "2001.07.16"]
[EventType "swiss"]
[EventRounds "11"]
[EventCountry "ENG"]
[SourceTitle "BritBase"]
[Source "John Saunders"]
[SourceDate "2025.09.16"]
[SourceVersion "1"]
[SourceVersionDate "2025.09.16"]
[SourceQuality "1"]

1. e4 c6 2. Nf3 d5 3. Nc3 dxe4 4. Nxe4 Nf6 5. Nxf6+ exf6 6. d4 Bd6 7. Be2 O-O 8. O-O Bg4 9. Ne1 Bxe2 10. Qxe2 Re8 11. Qd1 Qc7 12. h3 Nd7 13. c3 Nb6 14. Nd3 Rad8 15. Qc2 Nd7 16. Be3 Re7 17. Rae1 Rde8 18. Bd2 c5 19. Rxe7 Rxe7 20. dxc5 Nxc5 21. Nxc5 Bxc5 22. Qf5 1/2-1/2

[Event "Smith & Williamson FIDE Rated"]
[Site "Witley"]
[Date "2001.07.21"]
[Round "11.19"]
[White "Kelly, Alexandra"]
[Black "Khoo, Teresa"]
[Result "0-1"]
[WhiteElo "1672"]
[BlackElo "1688"]
[PlyCount "36"]
[EventDate "2001.07.16"]
[EventType "swiss"]
[EventRounds "11"]
[EventCountry "ENG"]
[SourceTitle "BritBase"]
[Source "John Saunders"]
[SourceDate "2025.09.16"]
[SourceVersion "1"]
[SourceVersionDate "2025.09.16"]
[SourceQuality "1"]

1. e4 c5 2. Nc3 Nc6 3. Bb5 Nd4 4. Bc4 g6 5. Nf3 Bg7 6. O-O d6 7. h3 Bd7 8. Re1 e6 9. d3 Ne7 10. Nxd4 cxd4 11. Nb5 Qb6 12. Na3 O-O 13. Bb3 Qc5 14. Qg4 b5 15. Nb1 a5 16. c3 a4 17. Bd1 dxc3 18. Be3 cxb2 0-1